|
|
|
|
| LEADER |
00000ny a22000003n 4500 |
| 005 |
20110512102854.0 |
| 008 |
020604c19929999at qr pss 0 a0eng d |
| 022 |
|
|
|a 1038-4162
|
| 035 |
|
|
|a 3137
|
| 040 |
|
|
|a UCA
|d vLex
|
| 090 |
|
|
|c 1726
|d 1726
|
| 245 |
0 |
0 |
|a Australian journal of career development
|h [Recurso electrn̤ico]
|
| 256 |
|
|
|a Servicio en ln̕ea
|
| 260 |
|
|
|a Hawthorn, Vic. :
|b The Australian Council for Educational Research
|
| 310 |
|
|
|a Trimestral
|
| 506 |
1 |
|
|a Contenido solo disponible en los productos indicados
|d vLex Global
|d vLex Global (Academic Edition, excluding Law Schools)
|d vLex Global (Academic Edition, Law Schools)
|
| 650 |
0 |
4 |
|a Orientacin̤ profesional
|x Publicaciones perid̤icas
|
| 650 |
0 |
4 |
|a Preparacin̤ para una carrera
|x Publicaciones perid̤icas
|
| 710 |
2 |
|
|a Australian Council for Educational Research
|
| 740 |
|
|
|a vLex Revista (Servicios en ln̕ea)
|
| 843 |
|
|
|a Electrn̤ica. Abierta
|
| 853 |
|
|
|8 1
|i (year)
|j (month)
|k (day)
|
| 856 |
4 |
0 |
|z Acceso restringido
|u http://vlex.com/account/login_ip?fuente_id=3137
|
| 942 |
|
|
|c REV
|